Most Appearances in NCAA Men's Basketball March Madness Tournament - Statistics

General Stats
  • This quiz has been taken 3,875 times
  • The average score is 11 of 20
Answer Stats
Number of Appearances Answer % Correct
35 Duke Blue Devils
96%
42 North Carolina Tar Heels
92%
51 Kentucky Wildcats
89%
42 UCLA Bruins
89%
40 Kansas Jayhawks
84%
29 Texas Longhorns
70%
35 Indiana Hoosiers
65%
29 Connecticut Huskies
58%
31 Villanova Wildcats
56%
28 Arizona Wildcats
54%
34 Syracuse Orange
54%
37 Louisville Cardinals
45%
27 Georgetown Hoyas
42%
29 Illinois Fighting Illini
40%
29 Arkansas Razorbacks
31%
31 Notre Dame Fighting Irish
30%
27 St. John's Red Storm
26%
29 Marquette Golden Eagles
22%
27 Utah Utes
21%
29 Temple Owls
13%
No matching quizzes found
Score Distribution
Percent of People with Each Score
Percentile by Number Answered
Your Score History
You have not taken this quiz